| 000 | 00450cam a22001217a 4500 | ||
|---|---|---|---|
| 008 | 180718b1957 xxu||||| |||| 00| 0 eng d | ||
| 082 | _aF803x54 M295 | ||
| 100 | _aMalik, P.L. | ||
| 245 |
_aElection manual: an up to date guide for All India election to parliament of India and States Legislatives and the election of President and Vice-President of India _cby P.L. Malik |
||
| 260 |
_aDelhi _bEastern Book _c1957 |
||
| 300 | _a184p | ||
| 650 | _aElection | ||
| 999 |
_c426699 _d426699 |
||